| 000 | 02129nam a2200277 i 4500 | ||
|---|---|---|---|
| 001 | 129772 | ||
| 003 | ES-MaACL | ||
| 005 | 20250803063056.0 | ||
| 007 | t| | ||
| 008 | 060703m20069999sp ||||0| spa d | ||
| 020 | _a84-96258-61-0 | ||
| 040 |
_aM-BN _bspa _cM-BN |
||
| 080 | _a1(081) Benjamin, Walter | ||
| 100 | 1 |
_aBenjamin, Walter, _d1892-1940 _9241507 |
|
| 240 | 1 | 0 |
_aGesammelte Schriften. _lEspañol. _kSelección |
| 245 | 1 | 0 |
_aObras / _cWalter Benjamin ; edición de Rolf Tiedemann y Hermann Schweppenhèauser, con la colaboración de Theodor W. Adorno y Gershom Scholem ; edición española al cuidado de Juan Barja, Félix Duque y Fernando Guerrero ; [traducción, Alfredo Brotons Muñoz]. |
| 260 |
_aMadrid : _bAbada, _c2006-<2010> |
||
| 300 |
_av. <1, pte. 1-2; 2, pte. 1-2 ; 4 pte. 1-2> ; _c21 cm. |
||
| 505 | 8 | _aContiene: libro 1, pte. 1. El concepto de crítica de arte en el Romanticismo alemán; "Las afinidades electivas" de Goethe; El origen del Trauerspiel alemán (459 p.)-- libro 1, pte. 2. La obra de arte en la época de su reproductibilidad técnica; Charles Baudelaire, un lírico en la época del altocapitalismo; Sobre el concepto de Historia (364 p.) -- libro 2, pte. 1. Primeros trabajos de crítica de la educación y de la cultura; Estudios metafísicos y de filosofía de la historia; Ensayos estéticos y literarios (424 p.) -- libro 2, pte.2. Ensayos estéticos y literarios (cont.) ; Fragmentos estéticos ; Conferencias y discursos ; Artículos de enciclopedia ; Artículos de política cultural (436 p.) -- libro 4, parte 1. Charles Baudelaire, "Tableaux parisiens" ; Calle de dirección única ; Alemanes ; Infancia en Berlín hacia mil novecientos ; Imágenes que piensan ; Sátiras, polémicas, glosas ; Reportajes (566 p.) - libro 4, parte 2. Artículos ilustrados ; Modelos de audición ; Historias y relatos ; Miscelánea (298 p.) | |
| 700 | 1 |
_aTiedemann, Rolf. _9110227 |
|
| 700 | 1 |
_aSchweppenhèauser, Hermann. _9132584 |
|
| 700 | 1 |
_aBrotons Muñoz, Alfredo. _931954 |
|
| 852 |
_aES-MaACL _jP-1994 _bR.137902 |
||
| 999 |
_c129772 _d129772 |
||